| 000 | 00629cam a2200181 i 4500 | ||
|---|---|---|---|
| 020 | _a0060423293 | ||
| 082 | 0 | 0 |
_a621.38 _bGIF _cL-11, P-133 |
| 100 | 1 |
_aGiffin, Kim, _941612 |
|
| 245 | 1 | 0 |
_aBasic readings in interpersonal communication : _btheory and application / _cKim Giffin, Bobby R. Patton ; under the advisory editorship of J. Jeffrey Auer. |
| 250 | _a2d ed. | ||
| 260 |
_aNew York : _bHarper & Row, _c[1976] |
||
| 300 |
_axi, 272 p. ; _c24 cm. |
||
| 526 |
_a0 _b0 _c0 _d621_380000000000000_GIF |
||
| 650 | 0 |
_aInterpersonal relations. _912558 |
|
| 650 | 0 |
_aMCE _9379 |
|
| 700 | 1 |
_aPatton, Bobby R., _941613 |
|
| 942 |
_2ddc _cBK |
||
| 999 |
_c545673 _d545673 |
||